000 00808nam a2200253Ia 4500
003 OSt
005 20220923222147.0
006 a|||||r|||| 00| 0
007 ta
008 220922b |||||||| |||| 00| 0 hin d
024 _a203,509
037 _cTextual
040 _aARTS
_cARTS
_bhin
041 _2hin
_ahin
082 _aO157,3N191,1, 152L1
100 _aराय, वाणी
245 0 _aमेरी आंखो में प्यास
246 _aMerī āankho mean pyāsa
260 _aदिल्ली
_b भारतीय ज्ञानपीठ प्रका0
_c1971
300 _a215पृ.
_ccm.
650 _aबंगाली कहानी
942 _hO157,3N191,1, 152L1
_cTEXL
_2CC
999 _c354261
_d354261